00605cam a2200157 4500008004100000020001500041035001200056050002100068100002700089245007000116260003600186300002100222650007300243650007700316651005400393090116t1992 sp 000 0 spa u a8423965716 aa47783504aN7108 bA48 19921 aÁlvarez, José Luis10aSociedad, Estado y patrimonio cultural / cJosé Luis Álvarez. aMadrid : bEspasa Calpe, c1992 a344 p. ;c23 cm. 7aPatrimonio cultural x Proteccion z España ySiglo XX 2Librunam 7aPatrimonio cultural xLeyes y Legislación zEspaña ySiglo XX 2LEMB 7aEspaña xCondiciones sociales ySiglo XX 2LEMB